000 00480cam a2200181ua 4500
020 _cRs.500/-
041 _aeng
_h
082 _a631.584
_bTHA/OR
100 _aThapa, v .
245 _aOrganic farming in india : problems and prospects /
_cThapa V.
_hTextual Documents
260 _aUdaipur :
_bAgrotech publishing Acadamy ,
_c2006.
300 _a192 ; .
365 _aRs.500/-
504 _a
700 1 _aTripathy, P .
942 _cBK
999 _c13107
_d13107